1959 1675 1774 1927 1096 1881 1068 1404 1039 1390 1768 1110 1719 1999 1086 1985 1732 1444 1950 1076 1602 1286 1503 1439 1710 1269 1374 1696 1350 1308 1514 1481 1953 1750 1296 1949 1785 1568 1926 1831 1836 1113 1480 1302 1502 1266 1903 1262 1674 1757 1839 1868 1941 1911 1442 1501 1842 1487 1422 1151 1399 1942 1165 1155 1215 1809 1617 1677 1111 1423 1329 1832 1537 1492 1107 1885 1061 1808 1029 1066 1875 1297 1551 1049 1561 1216 1395 1061 1367 1893 1197 1981 1603 1486 1751 1876 1427 1117 1147 BCNSPRNW ULIB Ver.6.0+V

เปลี่ยนเป็นภาษาไทย

Change to English
 แสดงรายละเอียดบรรณานุกรม
  กลับหน้าหลัก

Brief Record : Get Marc (ISO 2709) : E-mail record : QR code < ปิดหน้าต่าง
LEADER : 00000nam 2200000uu 4500
001    13399114562
003     ULIB
008    120417s2011||||eng 000 0 eng d
020    9780323069403
060  4 WY18.2^bM894
100 1  Eyles, Mary O.
245 00 Mosby s comprehensive review of practical nursing for the NCLEX-PN examination/^c edited by Mary O. Eyles
250    16th ed.
260    N.J.:^bELSEVIER Mosby,^c2011
650  4 Nursing Practical^xExamination Questions
945    ^p0^l0^i031644
995    Kesorn
999 ^a ใช้งานได้ทุกระบบ
รายการนี้ยังไม่มีแท็ก
คุณยังไม่ได้ล็อกอิน คุณสามารถมีกิจกรรมร่วมกับเว็บไซต์ได้ แต่ต้องล็อกอินก่อน ::
  ล็อกอิน

รายการสื่อสารสนเทศ

ลำดับที่ ประเภท เลขเรียก/บาร์โค้ด สถานที่ สถานะ
- ไม่พบข้อมูล -

BibComment


ยังไม่เคยถูกคอมเมนท์

คอมเมนท์ทรัพยากรรายการนี้
  คอมเมนท์: Mosby s comprehen..


 Copyright 2026. Bcnsprnw @Library